000 00286nam a2200133Ia 4500
100 _aFlinn/Richard/A
942 _cBK
654 _aMetal Cutting
245 _aFund. Of Metal cutting
260 _bADDISON WESLEY
_aU.S.A
_c1963
082 _a671.2
300 _a324
546 _aENGLISH
999 _c23912
_d23912